000 00243nam a22001097a 4500
082 _a320/RAM
100 _aRaman,Dr,R
_981827
245 _aHindu Nationalism In India
260 _aDelhi
_bKeshav Books
_c2018
650 _aPolitical
942 _cBK
999 _c65992
_d65992